000 00342nam a2200109Ia 4500
008 171211s9999 xx 000 0 und d
245 4 _aThe Earth and Its Peoples
245 _cDaniel Headrick, Pamela Crossley, Richard Bulliet, and Steven Hirsch
260 _c2007
650 _xHistory
856 _uhttp://down.ebook777.com/063/0618771514.pdf
999 _c348820
_d348820